00753nam a22002658a 4500999001700000003000400017005001700021008004100038020001500079040002400094082002100118100001800139245005900157250000900216260004200225300002200267650003300289650004400322650003500366650003100401901001100432902001100443903001300454952002000467 c13298d13298INP20260622100105.0120326s1965 uk frb 001 0 eng  a0712106499 aEG-INPcEG-INPbeng04221a341.7 bj d 1 aHanson, J.L..10aA Dictionary of economics and commerce / cJ.L.Hanson. a.6nd aLondon : bPitman Publishing, c1965. a393 p. ; c22 cm. 7aInternational economy.91824 7aInternational economic relations.91823 7aa dictionary of banking.93638 7aInternational Trade.91835 aEGPV26 aEGPV10 aoriginal 00aINPbINPyBK